MDQL
is popping MORE tags! Check the
thread
!
Quizzes
Events
Quiz Creation
Community
Videos
Private Events
Remove Ads
Sign In
Join for FREE
Feedback
Dark Mode
Quiz Categories
Sports
Geography
Music
Movies
Television
Just For Fun
Miscellaneous
History
Literature
Language
Science
Gaming
Entertainment
Religion
Holiday
For Kids
Quiz Lab
Recent
Popular Today
Quiz Kudos Today
Editor Picks
Curator Picks
Quizzes by...
Day
Popularity
Type
Ratings
Length
Year
Community
Subscriptions
Recent Discussions
Orange Saloon
Badges
Playlists
Quests
Create
Leaderboards
Showdown
Live 5
Trivia Bingo
Activity
Puzzle Library
Sporcle Events
Private Events
Virtual Trivia
Globe League
Become a Host
Pub Owners
SporcleCon
Opinionation
Our Games
Videos
Blog
Mobile Apps
Partnerships
Remove Ads and Go Orange
Feedback
Sports
Athletes
MLB
NBA
NHL
NFL
Soccer
Sports Teams
WWE
NCAA
Football
Premier League
Basketball
Baseball
Hockey
Golf
Tennis
Cricket
Rugby
Auto Racing
Olympics
World Cup
Sports
Athletes
MLB
NBA
NHL
NFL
Soccer
Sports Teams
WWE
NCAA
Football
Premier League
Basketball
Baseball
Hockey
Golf
Tennis
Cricket
Rugby
Auto Racing
Olympics
World Cup
Random Quiz
Search Sporcle
×
Quiz Lab
Quiz Lab
Sports
NBA
Type in answers that appear in a list
Type in answers that appear in a list
Classic
Best Score? Go Orange.
Most games fouled out in the 1990's Stats
Can you name the Most games fouled out in the 1990's?
By
matthaes
8m
50 Questions
38 Plays
38 Plays
38 Plays
Comments
Comments
Give Quiz Kudos
Give Quiz Kudos
-
- Ratings
hide this ad
More Info
Replay
Link that replays current quiz
Next Quiz
Link to next quiz in quiz playlist
You Got
0%
They Got
Avg Score
44%
Avg Friend Score
Upgrade to see
Score Distribution
Jump to the score distribution portion of the page
Score
0/50
Timer
08:00
0
Plays Today
Games
Player
% Correct
104
Shawn Kemp
97.4%
30
Hakeem Olajuwon
89.5%
41
Alonzo Mourning
84.2%
23
Ervin Johnson
84.2%
48
Rik Smits
78.9%
23
Dikembe Mutombo
76.3%
23
Charles Smith
76.3%
32
Walt Williams
73.7%
27
Reggie Williams
73.7%
24
Jayson Williams
73.7%
42
Vlade Divac
71.1%
42
Charles Oakley
71.1%
54
Tyrone Hill
68.4%
43
Clifford Robinson
68.4%
34
Grant Long
68.4%
29
Luc Longley
65.8%
25
Chris Webber
65.8%
24
Antonio Davis
65.8%
51
Shawn Bradley
60.5%
55
Otis Thorpe
52.6%
25
John Starks
52.6%
36
P.J. Brown
47.4%
28
LaPhonso Ellis
42.1%
34
Vin Baker
39.5%
28
Elden Campbell
39.5%
Games
Player
% Correct
27
Rony Seikaly
39.5%
26
Sam Cassell
36.8%
23
Theo Ratliff
36.8%
45
Christian Laettner
34.2%
36
Antonio McDyess
31.6%
28
Nate McMillan
31.6%
28
John Salley
31.6%
24
Rick Fox
28.9%
37
Antoine Carr
23.7%
35
Danny Manning
23.7%
23
Sam Mitchell
23.7%
50
Felton Spencer
21.1%
34
Stanley Roberts
21.1%
29
Rodney Rogers
21.1%
26
Terry Mills
21.1%
23
Jon Koncak
21.1%
36
Chris Dudley
18.4%
34
Frank Brickowski
13.2%
29
Duane Causwell
13.2%
29
Matt Geiger
13.2%
28
Billy Owens
10.5%
26
Bison Dele
10.5%
28
Andrew Lang
7.9%
25
Pervis Ellison
7.9%
30
Johnny Newman
2.6%
Quiz Playlist
Details
Report
Send in Message
Add To Playlist
More Info:
Most games fouled out in the NBA between 1990-91 and 1999-00. Player's position and primary team over the span is shown.
Classic:
Type in answers that appear in a list
Quiz Source
Last Updated: Feb 16, 2017
Quiz Scoreboard
CHALLENGE
Sign Up to Join the Scoreboard
Show All
Scores
Hide
Comments
May contain spoilers
Recently Published
5x2 Blitz: Bands
by SL_Kpop136
Music
30s
Colored Red Africa Blitz
by spor1
Geography
30s
Find the 'City' Movie
by crazypaving
Movies
60s
More to Explore
Quiz From the Vault
Featured Blog Post
14 Easter Pick-up Lines to Find Eggs With
hide this ad
You Might Also Like...
Tags
Basketball Quiz
NBA Quiz
Today's Top Quizzes in Sports
Browse Sports
hide this ad
Today's Top Quizzes in NBA
Browse NBA
Top Contributed Quizzes in Sports
1
Players with Multiple 50 Home Run Seasons
2
Criteria MLB: Left Handed Sluggers
3
MLB Players with Two .350 Batting Average Seasons
4
Who Hit More Homers?
5
Premier League Clubs since 2000 (minefield)
6
Who Needs Fielders?
7
2020 F1 Drivers Logic Puzzle
8
Les entraîneurs de l'OM et du PSG au 21e siècle
9
Top 10 NHL Goal Scorers of All Time
10
MLB Hall of Famer by Rings
Explore More
Trending Topics
Anime
Disney
Kpop
NBA
Marvel
Harry Potter
Crossword
Soccer
NFL
Country
Puzzle
The Office
WWE
Song
Pokémon
hide this ad
More By:
matthaes
Quiz
Plays
Rating
Category
Featured
Created
NBA Chain Game
17,165
3.84
Sports
Jan 29, 2011
Most top 5 NBA statistical seasons
6,781
4.42
Sports
Dec 18, 2010
Most 40 point NBA playoff games (active)
4,530
4.22
Sports
Dec 18, 2010
Final Season Heroics (NBA)
2,792
4.62
Sports
Dec 19, 2010
20,000 passing & 1,500 rushing
2,373
4.38
Sports
Feb 5, 2011
Go to Creator's Profile
Score Distribution
Quiz Creator Spotlight
matthaes
Follow
Send a Message
Quizzes Created
-
Created Quiz Play Count
-
More By This Creator
Popular Quizzes Today
1
Find the 'City' Movie
2
Colored Red Africa Blitz
3
Find the US States - No Outlines Minefield
4
5x2 Blitz: Bands
5
The Countries of the World
6
Find the US States
7
US States
8
9x9 Crossword: Cartoon Network
More Sports Quizzes
Last XI: Lage - Wolves
Curator's Pick
Trending Quizzes
Colored Red Europe Blitz I
Colored Red Africa Blitz II
Colored Red Europe Blitz II
Colored Red Europe Blitz III
Colored Red Africa Blitz III
Recently Updated
Famous TV Couples
Peacemaker
Champions League XIs: Real Madrid
pecheneg
Largest US Cities 1790-2010
pecheneg
Rides in Walt Disney World
pecheneg
Most Oscar Losses (Acting)
pecheneg
Beyoncé Albums
pecheneg
Leaping Animals
pecheneg
Reality TV Shows (A-Z)
bhenderson79
Rickey Henderson's Hall of Fame Teammates
pecheneg
Champions League XIs: Arsenal
pecheneg
Trending Topics
Crossword
Disney
NBA
Harry Potter
Marvel
Kpop
Anime
The Office
Country
Pokémon
Song
NFL
WWE
Soccer
Puzzle
Your Account Isn't Verified!
In order to create a playlist on Sporcle, you need to verify the email address you used during registration. Go to your
Sporcle Settings
to finish the process.
Report this User
Report this user for behavior that violates our
Community Guidelines
.
Details:
Send Report
Go to the Sporcle.com Mobile Site →
Comments